000 00497nam a2200193Ia 4500
003 OSt
005 20250808145846.0
008 250729s2005 xx 000 0 und d
020 _a978-8184110357
040 _cAL
041 _aeng
082 _a371.2 MACS
100 _aSwami Kavi Rama
_9221131
245 _aTechniues of teaching enviournmental science
260 _aNew Delhi
_bOrbis Books Sonali Publication
_c2005
300 _a292p
650 _aEducation
_9221132
942 _2ddc
_cBED
999 _c234867
_d234867